| 000 | 00705nam a2200277Ia 4500 | ||
|---|---|---|---|
| 003 | OSt | ||
| 005 | 20220912151202.0 | ||
| 006 | a|||||r|||| 00| 0 | ||
| 007 | ta | ||
| 008 | 220909b |||||||| |||| 00| 0 eng d | ||
| 024 | _a44806 | ||
| 037 | _cTextual | ||
| 040 |
_aCSL _beng _cCSL |
||
| 041 | _aeng | ||
| 082 | _aH, M3;1 | ||
| 100 | _aDietrich R V | ||
| 245 | 0 | _aMinerals, rocks and fossils | |
| 260 |
_aNew York _b John Wiley _c1983 |
||
| 300 |
_aviii, 212p. _ccm. |
||
| 490 | _aWiley self-teaching guides | ||
| 650 | _a Minerology | ||
| 650 | _aGeology | ||
| 700 | _a Wicander R | ||
| 942 |
_hH, M3;1 _cTEXL _2CC |
||
| 999 |
_c63031 _d63031 |
||